Statistics for City streets 2 (medium)

Click here to take the quiz!

General Stats

  • This quiz has been taken 7 times
    (6 since last reset)
  • The average score is 6 of 10

Answer Stats

Answer% Correct
Amsterdam
83%
London
83%
Buenos Aires
67%
Istanbul
67%
Delhi
50%
Los Angeles
50%
Mexico City
50%
Rome
50%
Sydney
50%
Tokyo
50%

Score Distribution

Percentile by Number Answered

Percent of People with Each Score

Your Score History

You have not taken this quiz since the last reset